| 000 | 01406cad a22002535a 4500 | ||
|---|---|---|---|
| 001 | L160080 | ||
| 008 | 120529s2010 xxk g 000 0 eng d | ||
| 035 | _a(Sirsi) u160080 | ||
| 041 | 0 | _aeng | |
| 110 | _aFederation International Des Geometres | ||
| 111 | 2 |
_aFIG Working Week 2010 _bSydney, Australia _c11-16 April 2010 |
|
| 245 | 0 | 4 |
_aThe origins of the British fiscal cadastre _h[electronic resource] |
| 260 |
_aSydney _bFIG _c2010 |
||
| 520 | _aSeries of duties on land were introduced as a part of the Finance Act (1909-10). These new taxes required the creation of a fiscal cadastre to provide a definitive valuation of each piece of land on a specific date as a baseline against which subsequent increases in value could be measured and taxes levied. This paper examines how the fiscal cadastre was compiled, including the organisation that had to be created for the purpose. | ||
| 650 | 2 | 4 | _aCADASTRE |
| 650 | 2 | 4 | _aLAND TAX |
| 651 | 4 | _aUnited Kingdom | |
| 690 |
_aValuation _96273 |
||
| 700 | 1 | _aGrover, Richard | |
| 700 | 1 | _aGrover, Christine | |
| 856 | 4 | 0 |
_uhttps://www.fig.net/resources/proceedings/fig_proceedings/fig2010/ppt/ts10f/ts10f_grover_ppt_3915.pdf _zView the presentation free of charge at www.fig.net |
| 856 | 4 | 0 |
_uhttps://fig.net/resources/proceedings/fig_proceedings/fig2010/papers/ts10f/ts10f_grover_3915.pdf _zView the paper free of charge at fig.net |
| 942 |
_n0 _2ddc |
||
| 999 |
_c116197 _d116197 |
||